<?xml version="1.0" encoding="UTF-8"?>
<record
    xmlns:xsi="http://www.w3.org/2001/XMLSchema-instance"
    xsi:schemaLocation="http://www.loc.gov/MARC21/slim http://www.loc.gov/standards/marcxml/schema/MARC21slim.xsd"
    xmlns="http://www.loc.gov/MARC21/slim">

  <leader>01946nam a22003377a 4500</leader>
  <controlfield tag="005">20110802103824.0</controlfield>
  <controlfield tag="008">090728t        xxu||||| |||| 00| 0 pun d</controlfield>
  <datafield tag="010" ind1=" " ind2=" ">
    <subfield code="a">PUN-6901      B-465245-249</subfield>
  </datafield>
  <datafield tag="020" ind1=" " ind2=" ">
    <subfield code="c">150.00</subfield>
    <subfield code="a">9788182992221</subfield>
  </datafield>
  <datafield tag="035" ind1=" " ind2=" ">
    <subfield code="a">PN-6019        B-465245-249</subfield>
  </datafield>
  <datafield tag="037" ind1=" " ind2=" ">
    <subfield code="b">DBAD / PUB</subfield>
  </datafield>
  <datafield tag="037" ind1=" " ind2=" ">
    <subfield code="b">KKP/Vender</subfield>
  </datafield>
  <datafield tag="040" ind1=" " ind2=" ">
    <subfield code="a">dpl</subfield>
    <subfield code="b">pn</subfield>
  </datafield>
  <datafield tag="082" ind1=" " ind2=" ">
    <subfield code="a">&#xA13;</subfield>
  </datafield>
  <datafield tag="100" ind1=" " ind2=" ">
    <subfield code="9">24414</subfield>
    <subfield code="a">&#xA30;&#xA38;&#xA3C;&#xA2A;&#xA3E;&#xA32;</subfield>
  </datafield>
  <datafield tag="245" ind1=" " ind2=" ">
    <subfield code="a">&#xA38;&#xA3E;&#xA2C;&#xA4D;&#xA39;&#xA4B; /</subfield>
    <subfield code="c">&#xA30;&#xA38;&#xA3C;&#xA2A;&#xA3E;&#xA32;</subfield>
  </datafield>
  <datafield tag="246" ind1=" " ind2=" ">
    <subfield code="a">Sahbo</subfield>
    <subfield code="b">by Rashpal</subfield>
  </datafield>
  <datafield tag="260" ind1=" " ind2=" ">
    <subfield code="a">Delhi</subfield>
    <subfield code="b">Arsee Publishers</subfield>
    <subfield code="c">2011</subfield>
  </datafield>
  <datafield tag="270" ind1=" " ind2=" ">
    <subfield code="a">51, Parda bagh, Darya ganj, </subfield>
    <subfield code="b">New Delhi-</subfield>
    <subfield code="e">110002</subfield>
    <subfield code="k">011-23280657</subfield>
  </datafield>
  <datafield tag="300" ind1="4" ind2=" ">
    <subfield code="a">104 &#xA38;&#xA2B;&#xA47;</subfield>
    <subfield code="c">22&#xA38;&#xA47;&#xA2E;&#xA40; (&#xA38;&#xA1C;&#xA3F;&#xA32;&#xA71;&#xA26;)</subfield>
  </datafield>
  <datafield tag="650" ind1=" " ind2=" ">
    <subfield code="9">24412</subfield>
  </datafield>
  <datafield tag="650" ind1=" " ind2=" ">
    <subfield code="9">24431</subfield>
  </datafield>
  <datafield tag="942" ind1=" " ind2=" ">
    <subfield code="2">ddc</subfield>
    <subfield code="c">PN</subfield>
    <subfield code="h">&#xA13;</subfield>
    <subfield code="m">&#xA30;&#xA38;&#xA3C;&#xA2A;&#xA3E;</subfield>
  </datafield>
  <datafield tag="999" ind1=" " ind2=" ">
    <subfield code="c">54822</subfield>
    <subfield code="d">54822</subfield>
  </datafield>
  <datafield tag="952" ind1=" " ind2=" ">
    <subfield code="0">0</subfield>
    <subfield code="1">0</subfield>
    <subfield code="2">ddc</subfield>
    <subfield code="4">0</subfield>
    <subfield code="7">1</subfield>
    <subfield code="8">FIC</subfield>
    <subfield code="a">DBAD</subfield>
    <subfield code="b">DBAD</subfield>
    <subfield code="d">2011-08-04</subfield>
    <subfield code="e">DBAD/PUB</subfield>
    <subfield code="g">150.00</subfield>
    <subfield code="l">0</subfield>
    <subfield code="o">&#xA13; &#xA30;&#xA38;&#xA3C;&#xA2A;&#xA3E;</subfield>
    <subfield code="p">PN-6019</subfield>
    <subfield code="r">2011-08-04 00:00:00</subfield>
    <subfield code="t">1</subfield>
    <subfield code="v">150.00</subfield>
    <subfield code="w">2011-08-04</subfield>
    <subfield code="y">PN</subfield>
  </datafield>
  <datafield tag="952" ind1=" " ind2=" ">
    <subfield code="0">0</subfield>
    <subfield code="1">0</subfield>
    <subfield code="2">ddc</subfield>
    <subfield code="4">0</subfield>
    <subfield code="7">0</subfield>
    <subfield code="8">FIC</subfield>
    <subfield code="a">L</subfield>
    <subfield code="b">L</subfield>
    <subfield code="d">2012-06-12</subfield>
    <subfield code="e">KKP/7/17.2.12/BL-1841/11.3.12/21.3.12</subfield>
    <subfield code="g">150.00</subfield>
    <subfield code="l">1</subfield>
    <subfield code="o">&#xA13; &#xA30;&#xA38;&#xA3C;&#xA2A;&#xA3E;</subfield>
    <subfield code="p">B-465245</subfield>
    <subfield code="r">2017-07-03 00:00:00</subfield>
    <subfield code="s">2017-06-19</subfield>
    <subfield code="t">1</subfield>
    <subfield code="v">150.00</subfield>
    <subfield code="y">PN</subfield>
  </datafield>
  <datafield tag="952" ind1=" " ind2=" ">
    <subfield code="0">0</subfield>
    <subfield code="1">0</subfield>
    <subfield code="2">ddc</subfield>
    <subfield code="4">0</subfield>
    <subfield code="7">0</subfield>
    <subfield code="8">FIC</subfield>
    <subfield code="a">M</subfield>
    <subfield code="b">M</subfield>
    <subfield code="d">2012-06-12</subfield>
    <subfield code="e">KKP/7/17.2.12/BL-1841/11.3.12/21.3.12</subfield>
    <subfield code="g">150.00</subfield>
    <subfield code="l">0</subfield>
    <subfield code="o">&#xA13; &#xA30;&#xA38;&#xA3C;&#xA2A;&#xA3E;</subfield>
    <subfield code="p">B-465246</subfield>
    <subfield code="r">2012-06-12 00:00:00</subfield>
    <subfield code="t">1</subfield>
    <subfield code="v">150.00</subfield>
    <subfield code="w">2012-06-12</subfield>
    <subfield code="y">PN</subfield>
  </datafield>
  <datafield tag="952" ind1=" " ind2=" ">
    <subfield code="0">0</subfield>
    <subfield code="1">0</subfield>
    <subfield code="2">ddc</subfield>
    <subfield code="4">0</subfield>
    <subfield code="7">0</subfield>
    <subfield code="8">FIC</subfield>
    <subfield code="a">M</subfield>
    <subfield code="b">M</subfield>
    <subfield code="d">2012-06-12</subfield>
    <subfield code="e">KKP/7/17.2.12/BL-1841/11.3.12/21.3.12</subfield>
    <subfield code="g">150.00</subfield>
    <subfield code="l">0</subfield>
    <subfield code="o">&#xA13; &#xA30;&#xA38;&#xA3C;&#xA2A;&#xA3E;</subfield>
    <subfield code="p">B-465247</subfield>
    <subfield code="r">2012-06-12 00:00:00</subfield>
    <subfield code="t">1</subfield>
    <subfield code="v">150.00</subfield>
    <subfield code="w">2012-06-12</subfield>
    <subfield code="y">PN</subfield>
  </datafield>
  <datafield tag="952" ind1=" " ind2=" ">
    <subfield code="0">0</subfield>
    <subfield code="1">0</subfield>
    <subfield code="2">ddc</subfield>
    <subfield code="4">0</subfield>
    <subfield code="7">0</subfield>
    <subfield code="8">FIC</subfield>
    <subfield code="a">JP</subfield>
    <subfield code="b">JP</subfield>
    <subfield code="d">2012-06-12</subfield>
    <subfield code="e">KKP/7/17.2.12/BL-1841/11.3.12/21.3.12</subfield>
    <subfield code="g">150.00</subfield>
    <subfield code="l">0</subfield>
    <subfield code="o">&#xA13; &#xA30;&#xA38;&#xA3C;&#xA2A;&#xA3E;</subfield>
    <subfield code="p">B-465248</subfield>
    <subfield code="r">2012-06-12 00:00:00</subfield>
    <subfield code="t">1</subfield>
    <subfield code="v">150.00</subfield>
    <subfield code="w">2012-06-12</subfield>
    <subfield code="y">PN</subfield>
  </datafield>
  <datafield tag="952" ind1=" " ind2=" ">
    <subfield code="0">0</subfield>
    <subfield code="1">0</subfield>
    <subfield code="2">ddc</subfield>
    <subfield code="4">0</subfield>
    <subfield code="7">0</subfield>
    <subfield code="8">FIC</subfield>
    <subfield code="a">VP</subfield>
    <subfield code="b">VP</subfield>
    <subfield code="d">2012-06-12</subfield>
    <subfield code="e">KKP/7/17.2.12/BL-1841/11.3.12/21.3.12</subfield>
    <subfield code="g">150.00</subfield>
    <subfield code="l">0</subfield>
    <subfield code="o">&#xA13; &#xA30;&#xA38;&#xA3C;&#xA2A;&#xA3E;</subfield>
    <subfield code="p">B-465249</subfield>
    <subfield code="r">2012-06-12 00:00:00</subfield>
    <subfield code="t">1</subfield>
    <subfield code="v">150.00</subfield>
    <subfield code="w">2012-06-12</subfield>
    <subfield code="y">PN</subfield>
  </datafield>
</record>
